000 00348nam a22001337a 4500
005 20160122153915.0
008 160122b xxu||||| |||| 00| 0 eng d
040 _cPK-LaUMT
082 _aKHC R 903
_bDIC-
245 _aDictionary of history
_cSatish ganjoo(Editor
260 _aNew Delhi
_bAnmol publications
_c1992
300 _a289 p.
942 _cBK
999 _c82164
_d82164